MARC

LEADER 00000nab a2200000 a 4500
001 vtls000141578
003 SK-MaSNL
005 20260303130416.0
008 140301c1982 xo 0 slo
015 |a SNBRB19rr/mm-uuuuu 
035 |a CL0151684 
040 |a SNKBUCL  |b slo  |c SNKBUCL  |e AACR2 
041 0 |a slo 
044 |a xo  |c SK 
080 |a 82:061.7:06.063:885.4  |2 1981 
080 |a 061.7  |2 1981 
080 |a 06.063  |2 1981 
080 |a 885.4  |2 1981 
100 1 |a Weidler, Ernest,  |d 1933-2012  |4 aut  |9 37564 
245 1 0 |a Čakáte odo mňa.../inc./  |c Ernest Weidler 
650 0 7 |a recitácie  |2 snkbucl  |9 31371 
650 0 7 |a recitačné súťaže  |2 snkbucl  |9 71896 
650 0 7 |a prehliadky umelecké  |2 snkbucl  |9 1003682 
650 0 7 |a Hviezdoslavov Kubín 1982  |2 snkbucl  |9 1145770 
651 7 |a Dolný Kubín (Slovensko)  |2 snkbucl  |9 168992 
655 7 |a články z novín a časopisov  |2 snkbucl  |9 267496 
655 7 |a články z odboru literárna veda a krásna literatúra  |2 snkbucl  |9 770045 
773 0 |t Učiteľské noviny  |g Roč. 32, č. 44 (1982), s. /8/ 
850 |a Slovenská národná knižnica v Martine  |a MTA001 
852 |a SNK  |b KIS3GCP 
957 |a 5303 
958 |a RK 
958 |a LX 
992 |a RBX 
999 |c 1940576  |d 1942506